Similarity analyses of boundary value problems in engineering /
Guardado en:
| Autor Principal: | |
|---|---|
| Formato: | Libro |
| Idioma: | English |
| Publicado: |
Englewood Cliffs, N.J. :
Prentice-Hall,
c1964.
|
| Series: | Prentice-Hall international series in engineering of the physical sciences
|
| Materias: | |
| Etiquetas: |
Agregar Etiqueta
Sin Etiquetas, Sea el primero en etiquetar este registro!
|
| LEADER | 00917nam a22002295a 4500 | ||
|---|---|---|---|
| 001 | EIQ.libpla000344 | ||
| 008 | 840131s1964####nju######b####000#0#eng#d | ||
| 005 | 20060512163946.0 | ||
| 245 | 1 | 0 | |a Similarity analyses of boundary value problems in engineering / |c Arthur G. Hansen. |
| 260 | |a Englewood Cliffs, N.J. : |b Prentice-Hall, |c c1964. | ||
| 300 | |a xiv, 114 p. ; |c 24 cm. | ||
| 440 | 0 | |a Prentice-Hall international series in engineering of the physical sciences | |
| 504 | |a Bibliografía: p. 109-112. | ||
| 100 | 1 | |a Hansen, Arthur G. | |
| 082 | 0 | 0 | |a 517.383 |
| 650 | 4 | |a Ecuaciones diferenciales parciales |x Soluciones numéricas. | |
| 650 | 4 | |a Transformaciones (Matemáticas) |x Teoría. | |
| 650 | 0 | |a Differential equations, Partial |x Numerical solutions. | |
| 650 | 4 | |a Transformations (Mathematics) |x Theory. | |
| 010 | |a 64025207 | ||
| 040 | |a DLC/ICU |c ICU |d AR-BbSID | ||
| 859 | |a AR-BbSID |b BIB. PLAPIQUI |h 515.35 |i H 198 |p 194 | ||
